|
|
|
|
| LEADER |
00000nab a2200000 a 4500 |
| 001 |
vtls000819173 |
| 003 |
SK-MaSNL |
| 005 |
20260305010227.0 |
| 008 |
160314c2001 xo 0 slo |
| 015 |
|
|
|a SNBRA2002/12-41994
|
| 035 |
|
|
|a CLN000170828
|
| 040 |
|
|
|a SNKBUCL
|b slo
|c SNKBUCL
|e AACR2
|
| 041 |
0 |
|
|a slo
|
| 044 |
|
|
|a xo
|c SK
|
| 080 |
|
|
|a 82:398
|2 UDC-MRF-SK2
|
| 080 |
|
|
|a 398.8(439=854)
|2 UDC-MRF-SK2
|
| 080 |
|
|
|a 82.09:885.4 (439)-1
|2 UDC-MRF-SK2
|
| 080 |
|
|
|a 885.4 (439)-1.09
|2 UDC-MRF-SK2
|
| 100 |
1 |
|
|a Melicher, Jozef,
|d 1929-2008
|4 aut
|9 105016
|
| 245 |
1 |
0 |
|a Folklorista a básnik
|c Jozef Melicher
|
| 600 |
1 |
7 |
|a Papuček, Gregor,
|d 1938-
|2 snkbucl
|9 13992
|
| 773 |
0 |
|
|w SK01SNK20020386415
|z 8080504547
|t Život a dielo troch-
|d Nitra : Univerzita Konštantína Filozofa : Spolok slovenských spisovateľov, 2001
|g S. 111-114
|
| 850 |
|
|
|a Slovenská národná knižnica v Martine
|
| 852 |
|
|
|a SNK
|b KIS3GCP
|
| 958 |
|
|
|a LX
|
| 958 |
|
|
|a SK
|
| 958 |
|
|
|a HU
|
| 958 |
|
|
|a RZB
|
| 999 |
|
|
|c 3245521
|d 3247451
|